书目信息 |
| 题名: |
汽车零部件与总成识别
|
|
| 作者: | 梁代春 主编 | |
| 分册: | ||
| 出版信息: | 北京 机械工业出版社 2017.1 |
|
| 页数: | 260页 | |
| 开本: | 26cm | |
| 丛书名: | ||
| 单 册: | ||
| 中图分类: | U463 , U464.03 | |
| 科图分类: | ||
| 主题词: | 汽车--零部件--识别--高等教育--教材 , 汽车--发动机--识别--高等教育--教材 , 汽车 , 零部件 , 发动机 | |
| 电子资源: | ||
| ISBN: | 978-7-111-28619-6 | |
| 000 | 01043nam0 2200301 450 | |
| 001 | 0400002026 | |
| 005 | 20171019220351.0 | |
| 010 | @a978-7-111-28619-6@dCNY35.00 | |
| 100 | @a20100107d2017 em y0chiy50 ea | |
| 101 | 0 | @achi |
| 102 | @aCN@b110000 | |
| 105 | @aa z 000yy | |
| 106 | @ar | |
| 200 | 1 | @a汽车零部件与总成识别@9qi che ling bu jian yu zong cheng shi bie@f梁代春主编 |
| 210 | @a北京@c机械工业出版社@d2017.1 | |
| 215 | @a260页@c图@d26cm | |
| 300 | @a高等职业教育汽车检测与维修专业规划教材 国家示范性高等职业院校建设计划项目 | |
| 330 | @a本书分为六个单元,内容包括:识别车辆及总体结构、识别发动机及部件、识别汽车底盘部件、识别汽车车身及附件、识别汽车空调、识别汽车灯光和声响信号系统。 | |
| 606 | 0 | @a汽车@x零部件@x识别@x高等教育@j教材 |
| 606 | 0 | @a汽车@x发动机@x识别@x高等教育@j教材 |
| 606 | 0 | @a汽车 |
| 606 | 0 | @a零部件 |
| 606 | 0 | @a发动机 |
| 690 | @aU463@v4 | |
| 690 | @aU464.03@v4 | |
| 701 | 0 | @a梁代春@9liang dai chun@f(1972~)@4主编 |
| 801 | 0 | @aCN@b91MARC@c20171019 |
| 905 | @b1031295-9@dU463@f5@e523 | |
| 汽车零部件与总成识别/梁代春主编.-北京:机械工业出版社,2017.1 |
| 260页:图;26cm |
| 高等职业教育汽车检测与维修专业规划教材 国家示范性高等职业院校建设计划项目 |
| ISBN 978-7-111-28619-6:CNY35.00 |
| 本书分为六个单元,内容包括:识别车辆及总体结构、识别发动机及部件、识别汽车底盘部件、识别汽车车身及附件、识别汽车空调、识别汽车灯光和声响信号系统。 |
| ● |
| 相关链接 |
|
|
|
|
正题名:汽车零部件与总成识别
索取号:U463/523
 
预约/预借
| 序号 | 登录号 | 条形码 | 馆藏地/架位号 | 状态 | 备注 |
| 1 | 1031295 | 210312954 | 第二样本阅览室/ [索取号:U463/523] | 在馆 | |
| 2 | 1031296 | 210312963 | 密集书库-物理学院/ [索取号:U463/523] | 在馆 | |
| 3 | 1031297 | 210312972 | 第三借阅区/ [索取号:U463/523] | 在馆 | |
| 4 | 1031298 | 210312981 | 第三借阅区/ [索取号:U463/523] | 在馆 | |
| 5 | 1031299 | 210312990 | 第三借阅区/ [索取号:U463/523] | 在馆 |